000 00476nam a2200157Ia 4500
008 210716s2009 xx 000 0 und d
020 _a9788189866600
041 _aeng
082 _a574.87322 PANM
100 _aPandit, Madhusudan W;Srivastava, Pradeep K;Singh, Lalji.
245 _aScientoonic tell tale of genome and dna.
250 _a1
260 _aNew Delhi
_bI K International Publishing House Pvt Ltd
_c2009
300 _axvii,171
650 _aGenetic Engineeirng
999 _c193952
_d193952